|
|
|
|
| LEADER |
00000ntm a22000007u 4500 |
| 001 |
zp40741 |
| 041 |
|
|
|a slo
|
| 100 |
1 |
|
|a Urbanová, Patrícia
|4 dis
|
| 245 |
1 |
0 |
|a Environmentální aspekty cementárny CEMMAC a.s.
|
| 246 |
|
|
|a Environmental Aspects of the Cement Factory CEMMAC a.s.
|
| 260 |
|
|
|c 2015
|
| 300 |
|
|
|a 76 s. (65 432 znaků)
|
| 500 |
|
|
|a Studijní obor: Řízení environmentálních rizik
|
| 500 |
|
|
|a Studijní obor: Environmental Risk Management
|
| 500 |
|
|
|a Ústav: Ústav environmentální bezpečnosti
|
| 500 |
|
|
|a Univerzita Tomáše Bati ve Zlíně. Fakulta logistiky a krizového řízení
|
| 500 |
|
|
|a Tomas Bata University in Zlín. Faculty of Logistics and Crisis Management
|
| 506 |
|
|
|a Bez omezení
|
| 653 |
|
|
|a cementárna
|
| 653 |
|
|
|a environmentální aspekt
|
| 653 |
|
|
|a environmentální vliv
|
| 653 |
|
|
|a životní prostředí
|
| 653 |
|
|
|a environmentální manažerský systém
|
| 653 |
|
|
|a analýza hlavních procesů
|
| 653 |
|
|
|a Check List
|
| 653 |
|
|
|a cement factory
|
| 653 |
|
|
|a environmental aspect
|
| 653 |
|
|
|a environmental impact
|
| 653 |
|
|
|a environment
|
| 653 |
|
|
|a Environmental Management System
|
| 653 |
|
|
|a analysis of main processes
|
| 653 |
|
|
|a Check List
|
| 655 |
|
4 |
|a bakalářská práce
|
| 700 |
1 |
|
|a Maňásek, Jaromír
|4 ths
|
| 710 |
2 |
|
|a Univerzita Tomáše Bati ve Zlíně. Fakulta logistiky a krizového řízení
|4 dgg
|
| 710 |
2 |
|
|a Tomas Bata University in Zlín. Faculty of Logistics and Crisis Management
|4 dgg
|
| 856 |
4 |
0 |
|u http://hdl.handle.net/10563/34522
|y Plný text v Digitální knihovně UTB
|